000 00794nam0a2200277 4500
001 RU\NLR\BIBL_A\016218669
005 20250624235829.0
010 _925000
035 _a(NLR Aleph) 016218669
090 _a13312895
_c13312895
100 _a20221125d1968 |||y0rusy50 ca
101 0 _aaze
102 _aAZ
105 _aa z 000 y
181 0 _ai
_baxxe
182 0 _an
200 1 _aҸыртдан
_fрәссамы Расим Бабаjев
203 _aТекст
_bвизуальный
_cнепосредственный
210 _aБакы
_cҜәнҹлик
_d1968
215 _a[14] с.
_cшәк.
_d30
541 1 _aДжиртдан
_zrus
702 1 _aБабаjев
_bР.
_gРасим
_4040
852 _aNLR
_bОНЛ
_jАзерб./4-1346
942 _cBOOK
980 _aNB